000 00601nam a2200217Ia 4500
999 _c5460
_d5460
003 OSt
005 20210803153159.0
008 151021s9999 xx 000 0 und d
020 _a138142734
040 _aMMU
_beng
_cMMU
_dMMU
050 _aHF 5549 .D4379 2003
100 _aDessler, Gary
245 _aHuman Resource Management /
_cGary Dessler .
250 _a11th ed.
260 _aNew York :
_bPearson Education,
_c2003.
300 _axxviii, 801 p. :
_bill.;
500 _aincludes index
650 _aHuman Resource Management
_952
700 _aVarkkeY, Biju
942 _2lcc
_cLOAN LOAN